书目信息 |
| 题名: |
心理战故事
|
|
| 作者: | 崔世雄 | |
| 分册: | ||
| 出版信息: | 广州 花城出版社 2008.11.01 |
|
| 页数: | 202页 | |
| 开本: | 20cm | |
| 丛书名: | ||
| 单 册: | ||
| 中图分类: | E0-051 | |
| 科图分类: | ||
| 主题词: | 军事理论 | |
| 电子资源: | ||
| ISBN: | 978-7-5360-5377-9 | |
| 000 | 00562nam0 2200217 45 | |
| 001 | 0941232890 | |
| 005 | 20091018112835.20 | |
| 010 | @a978-7-5360-5377-9@dCNY28.00 | |
| 100 | @a20090515d2008 ekmy0 y0120 ea | |
| 102 | @aCN@b130000 | |
| 102 | @aCN@b440000 | |
| 105 | @ay z 000yy | |
| 200 | 1 | @a心理战故事@f崔世雄@Fcui shi xiong |
| 210 | @a广州@c花城出版社@d2008.11.01 | |
| 215 | @a202页@d20cm | |
| 606 | 0 | @a军事理论 |
| 690 | @aE0-051@v4 | |
| 701 | 0 | @a崔世雄@Acui shi xiong |
| 801 | 0 | @aCN@c20091018 |
| 905 | @a10447@dE0-051@eC972 | |
| 906 | @d28@n3@r1 | |
| 心理战故事/崔世雄.-广州:花城出版社,2008.11.01 |
| 202页;20cm |
| ISBN 978-7-5360-5377-9:CNY28.00 |
| ● |
| 相关链接 |
|
|
|
正题名:心理战故事
索取号:E0-051/C972
 
预约/预借
| 序号 | 登录号 | 条形码 | 馆藏地/架位号 | 状态 | 备注 |
| 1 | 657280 | 206572804 | 社科库509/509社科库 112排2列5层/ [索取号:E0-051/C972] | 在馆 | |
| 2 | 657281 | 206572813 | 社科库509/509社科库 112排2列5层/ [索取号:E0-051/C972] | 在馆 | |
| 3 | 657282 | 206572822 | 社科库509/509社科库 112排2列5层/ [索取号:E0-051/C972] | 在馆 |